|
|
|
|
| LEADER |
00931nam a2200217 i 4500 |
| 001 |
c000015025 |
| 003 |
CARM |
| 005 |
00000000000000.0 |
| 008 |
810322s1973 sz abh 00000 ger d |
| 019 |
1 |
|
|a 6595811
|z 23611180
|5 LACONCORD2021
|
| 020 |
|
|
|a 3261011920
|
| 035 |
|
|
|a (OCoLC)1127025
|5 LACONCORD2021
|
| 100 |
1 |
|
|a Ullmann, Ingeborg Maria.
|
| 245 |
0 |
4 |
|a Der Erzaehler der "Canterbury Tales" :
|b das literarische Werk in seiner kommunikativen Funktion.
|
| 260 |
|
|
|a Bern :
|b Lang,
|c 1973.
|
| 300 |
|
|
|a 232p. :
|b illus., facsims., map.
|
| 490 |
0 |
|
|a Europaeische Hochschulschriften. Reihe 14: Angelsaechsiche Sprache und Literatur, 15
|
| 600 |
1 |
0 |
|a Chaucer, Geoffrey,
|d d. 1400.
|t Canterbury tales.
|
| 852 |
8 |
|
|b CARM
|h A2:AE04A0
|i B00791
|p 0039371
|f BK
|
| 999 |
f |
f |
|i 164a7517-9984-548e-8bc8-7e3bf05f15c6
|s 7f4e2cf9-fb93-5433-b791-d328138dd3ef
|
| 952 |
f |
f |
|p Can circulate
|a CAVAL
|b CAVAL
|c CAVAL
|d CARM 1 Store
|e B00791
|f A2:AE04A0
|h Other scheme
|i book
|m 0039371
|